| 000 | 01303naa a22002777a 4500 | ||
|---|---|---|---|
| 001 | BR8802165 | ||
| 003 | BR-BrBNA | ||
| 005 | 20240918180006.0 | ||
| 007 | ta | ||
| 008 | 230509b bl.||||| |||| 00| 0 por d | ||
| 040 |
_aBR-BrBNA _bpor _cBiblioteca Nacional de Agricultura |
||
| 041 | _a(Pt) | ||
| 072 |
_aF03 _b3300 _b3575 |
||
| 090 | _aF03 BR8802165 | ||
| 100 | 1 | _aGraziano, T.T. | |
| 111 | 1 |
_a4. Congresso Brasileiro de Floricultura e Plantas Ornamentais _cRio de Janeiro, RJ (Brazil) _d3-8 Oct 1983 |
|
| 245 | 1 | _aGerminacao de sementes de palmeira seafortia (Archontonphoenix cumminghamii H. Wendl. Drude)armazenadas em diferentes condicoes | |
| 260 | 3 |
_aBrasilia, DF (Brasil): _bEmpresa Brasileira de Pesquisa Agropecuaria, Departamento de Difusao de Tecnologia, _c1984. |
|
| 500 | _aAnais do 4. Congresso Brasileiro de Floricultura e Plantas Ornamentais Brasilia, DF (Brasil): Empresa Brasileira de Pesquisa Agropecuaria, Departamento de Difusao de Tecnologia, 1984. p. 251-255 (BR8802165-AM)F03 | ||
| 650 | _aPLANTA ORNAMENTAL | ||
| 650 | _aSEMENTE | ||
| 650 | _aGERMINACAO | ||
| 773 | 0 |
_tAnais do 4. Congresso Brasileiro de Floricultura e Plantas Ornamentais _wF03 BR8802165 _gBrasilia, DF (Brasil), 1984. p. 251-255 |
|
| 909 |
_a202404 _bLucia _c55 _dLucia Elande |
||
| 942 |
_cAM _2AGRIS |
||
| 999 |
_c319128 _d319128 |
||